| 000 | 00773nas a2200265 4500 | ||
|---|---|---|---|
| 001 | BR7908693 | ||
| 003 | BR-BrBNA | ||
| 005 | 20231205084043.0 | ||
| 007 | ta | ||
| 008 | 230509b bl.|||p| |||| 00| 00por d | ||
| 040 |
_aBR-BrBNA _bpor _cBiblioteca Nacional de Agricultura |
||
| 041 | _a(Pt) | ||
| 072 | _aF40 | ||
| 100 | 1 | _aJesus, O.P. de | |
| 245 | 1 | _aEstiagem no sul provoca alteracao nas perspectivas de safras elevadas [Sao Paulo, Rio Grande do Sul, Brasil] | |
| 650 | _aESTIAGEM | ||
| 650 | _aSAFRA | ||
| 650 | _aSECA | ||
| 650 | _aPERDA | ||
| 650 | _aRIO GRANDE DO SUL | ||
| 650 | _aSAO PAULO | ||
| 773 | 0 |
_tRural (Brazil) _xISSN 0101-8809 _g(Feb 1979), v. 59(551) p. 7-12 _wBR7908693 |
|
| 909 |
_a202311 _bLúcia _c55 _dLúcia Elande |
||
| 942 |
_2AGRIS _n0 _cANA |
||
| 999 |
_c102832 _d102832 |
||